banner-ar

ENGINEERING SURVEYING / (Record no. 19764)

MARC details
000 -الفاتح
حقل البيانات ثابتة الطول 00526nam a2200181Ia 4500
008 - عناصر البيانات ثابتة الطول - معلومات عامة
حقل البيانات ثابتة الطول 140319s9999 xx 000 0 eng d
040 ## - مصدر الفهرسة
وكالة الفهرسة الأصلية GCL /
وكالة النسخ GCL
082 04 - رقم تصنيف ديوى العشرى
رقم التصنيف 624.171
رقم المادة S E
100 1# - المدخل الرئيسى - إسم شخصى
الإسم الشخصى STAFFMEMBERS OF SURVEYING FACULLY OF ENG
245 10 - بيان العنوان
العنوان ENGINEERING SURVEYING /
بيان المسئوليه,etc STAFFMEMBERS OF SURVEYING FACULLY OF ENG
300 ## - الوصف المادى
التعداد 159 P
650 04 - المدخل الاضافى بالموضوع-مصطلح موضوعى
مصطلح موضوعي التحليل الرياضى
650 04 - المدخل الاضافى بالموضوع-مصطلح موضوعى
مصطلح موضوعي CIVIL ENGINEERING
650 04 - المدخل الاضافى بالموضوع-مصطلح موضوعى
مصطلح موضوعي SURVERYING
942 ## - عناصر المدخل الإضافي( كوها)
مصدر التصنيف او مخطط الترفيف Dewey Decimal Classification
Koha [default] item type كتاب
260 ## - PUBLICATION, DISTRIBUTION, ETC. (IMPRINT)
-- [S.N] :
-- DAR EL- RABAB- AL- JAMIAH
Holdings
حالة التراجع حالة الفقد حالة تلف ليس للاعارة المكان المؤقت الموقع الحالى تاريخ الاكتساب اجمالي اﻻعارات رقم الطلب الباركود تاريخ اخر مشاهدة تاريخ تفعيل السعر نوع وعاء كوها
        مكتبة القاهرة الكبرى مكتبة القاهرة الكبرى 03/26/2014   624.171\S E 37481 03/26/2014 03/26/2014 كتاب

Powered By

EGPV